|
|
|
|
| LEADER |
01223nam a2200337 a 4500 |
| 001 |
28526 |
| 003 |
BD-DhAAL |
| 005 |
20230525134647.0 |
| 008 |
141028s2002 enka b 000 0 eng |
| 010 |
|
|
|a 2002023392
|
| 020 |
|
|
|a 0826477046
|
| 020 |
|
|
|a 0826459226 (pbk.)
|
| 020 |
|
|
|a 0826459234 (hbk)
|
| 040 |
|
|
|a DLC
|c DLC
|d DLC
|d BD-DhAAL
|
| 041 |
1 |
|
|a enggergrc
|h ger
|
| 050 |
0 |
0 |
|a B3279.H47
|b E5 2002c
|
| 082 |
0 |
0 |
|a 121
|2 21
|
| 100 |
1 |
|
|a Heidegger, Martin,
|d 1889-1976.
|9 5870
|
| 240 |
1 |
0 |
|a Vom Wesen der Wahrheit.
|l English
|
| 245 |
1 |
4 |
|a The essence of truth :
|b on Plato's cave allegory and Theaetetus /
|c Martin Heidegger ; translated by Ted Sadler.
|
| 260 |
|
|
|a London ;
|a New York :
|b Continuum,
|c c2002.
|
| 300 |
|
|
|a xv, 253 pages :
|b ill. ;
|c 24 cm.
|
| 504 |
|
|
|a Includes bibliographical references.
|
| 541 |
|
|
|e 28526
|
| 600 |
0 |
0 |
|a Plato.
|t Theaetetus.
|9 5871
|
| 650 |
|
0 |
|a Truth.
|9 5872
|
| 650 |
|
0 |
|a Knowledge, Theory of.
|9 5873
|
| 700 |
1 |
|
|a Sadler, Ted,
|d 1952-
|9 5874
|
| 942 |
|
|
|2 ddc
|c BK
|
| 999 |
|
|
|c 32993
|d 32993
|
| 952 |
|
|
|0 0
|1 0
|2 ddc
|4 0
|6 121_000000000000000_HEI
|7 0
|9 43950
|a BRACUL
|b BRACUL
|c GEN
|d 2014-10-28
|e Paragon Enterprises Ltd.
|g 407.00
|l 4
|m 15
|o 121 HEI
|p 3010028526
|r 2026-01-15
|s 2025-12-03
|t 1
|w 2014-10-28
|y BK
|